Sports Quiz

Random Sports or NCAA Quiz

NCAA Longest Win Streaks Quiz Stats

 Plays Quiz not verified by Sporcle

Score 0/19 Timer 05:00
0 Plays Today
Streak Team % Correct
47Oklahoma
94.5%
34USC
94.5%
31Oklahoma
94.5%
28Oklahoma
94.5%
30Texas
91.7%
29Michigan
85.3%
28Alabama
81.7%
28Alabama
81.7%
34Miami
77.1%
29Miami
77.1%
Streak Team % Correct
26Nebraska
76.1%
34Penn
73.4%
31Penn
73.4%
39Washington
62.4%
37Yale
61.5%
37Yale
61.5%
28Michigan State
50.5%
32Pittsburgh
35.8%
35Toledo
15.6%

You're not logged in!

Compare scores with friends on all Sporcle quizzes.
OR
Log In

Show Comments

Extras

Top Quizzes Today


Score Distribution

Your Account Isn't Verified!

In order to create a playlist on Sporcle, you need to verify the email address you used during registration. Go to your Sporcle Settings to finish the process.

Report this User

Report this user for behavior that violates our Community Guidelines.

Details: